[Event "Bogota Empresas op"]
[Site "Bogota"]
[Date "2024.05.19"]
[Round "2"]
[White "Canon Martinez, Julian Smith"]
[Black "Silva, Jorge"]
[Result "0-1"]
[WhiteElo "1799"]
[BlackElo "1975"]
[PlyCount "78"]
[EventDate "2024.05.19"]
[EventType "swiss"]
[EventRounds "7"]
[EventCountry "COL"]
[SourceTitle "CBM 220 Extra"]
[Source "ChessBase"]
[SourceDate "2024.07.31"]
[SourceVersion "1"]
[SourceVersionDate "2024.07.31"]
[SourceQuality "1"]

1. e4 e5 2. Nf3 Nc6 3. Bc4 Bc5 4. c3 Nf6 5. d4 exd4 6. b4 Bb6 7. e5 d5 8. exf6 dxc4 9. Qe2+ Be6 10. b5 Nb8 11. cxd4 Qxf6 12. d5 Qxa1 13. dxe6 Ba5+ 14. Kd1 0-0 15. e7 Re8 16. Na3 Nd7 17. Nxc4 Bb6 18. Ng5 Qf6 19. Re1 Nc5 20. Kc2 Qf5+ 21. Kb2 Nd3+ 22. Ka1 Bd4+ 23. Bb2 Bxb2+ 24. Nxb2 Nxe1 25. h4 Nc2+ 26. Kb1 Na3+ 27. Kc1 Qb1+ 28. Kd2 Qxb2+ 29. Ke1 Nc2+ 30. Kd2 Nd4+ 31. Kd3 Nxe2 32. b6 axb6 33. a4 Rxa4 34. g4 Qd4+ 35. Kxe2 Ra2+ 36. Kf3 Qxf2+ 37. Ke4 Rxe7+ 38. Ne6 Rxe6+ 39. Kd5 Qc5# 0-1

[Event "Bogota Empresas op"]
[Site "Bogota"]
[Date "2024.05.19"]
[Round "6"]
[White "Guerrero Avila, Hernando"]
[Black "Silva, Jorge"]
[Result "1/2-1/2"]
[WhiteElo "1845"]
[BlackElo "1975"]
[PlyCount "108"]
[EventDate "2024.05.19"]
[EventType "swiss"]
[EventRounds "7"]
[EventCountry "COL"]
[SourceTitle "CBM 220 Extra"]
[Source "ChessBase"]
[SourceDate "2024.07.31"]
[SourceVersion "1"]
[SourceVersionDate "2024.07.31"]
[SourceQuality "1"]

1. d4 Nf6 2. Bg5 e6 3. e4 Be7 4. Nd2 d5 5. e5 Nfd7 6. Bxe7 Qxe7 7. Qg4 f5 8. Qh5+ g6 9. Qh6 c5 10. c3 Nc6 11. Ngf3 Qf8 12. Qxf8+ Kxf8 13. Bb5 Ke7 14. a3 a6 15. Bxc6 bxc6 16. b4 cxd4 17. cxd4 a5 18. 0-0 Ba6 19. Rfc1 Rhc8 20. bxa5 c5 21. dxc5 Nxc5 22. Nd4 Nd3 23. Rxc8 Rxc8 24. N2f3 h6 25. h4 Kd7 26. Rb1 Rc1+ 27. Rxc1 Nxc1 28. Ne1 g5 29. hxg5 hxg5 30. f3 f4 31. Kf2 Bc8 32. g3 Kc7 33. Nb5+ Kd7 34. Nd6 Ba6 35. Nf7 d4 36. Nxg5 fxg3+ 37. Kxg3 d3 38. Nxd3 Nxd3 39. Ne4 Kc6 40. f4 Kd5 41. Ng5 Nc5 42. Nh7 Ke4 43. Nf6+ Kf5 44. Nh5 Bc8 45. Ng7+ Ke4 46. Ne8 Ke3 47. Nd6 Ba6 48. f5 exf5 49. Nxf5+ Ke4 50. Ne7 Kxe5 51. Nc6+ Ke4 52. Nb4 Bb5 53. a6 Nxa6 54. Nxa6 Bxa6 1/2-1/2

[Event "Bogota Centro Comercial op 2nd"]
[Site "Bogota"]
[Date "2024.04.14"]
[Round "1"]
[White "Silva, Jorge"]
[Black "Piza Rodriguez, Alejandro"]
[Result "1-0"]
[WhiteElo "1974"]
[BlackElo "1520"]
[PlyCount "79"]
[EventDate "2024.04.14"]
[EventType "swiss"]
[EventRounds "7"]
[EventCountry "COL"]
[SourceTitle "CBM 219 Extra"]
[Source "ChessBase"]
[SourceDate "2024.05.31"]
[SourceVersion "1"]
[SourceVersionDate "2024.05.31"]
[SourceQuality "1"]

1. e4 e5 2. Nf3 Nf6 3. Nc3 Nc6 4. Bb5 Bb4 5. 0-0 d6 6. d4 exd4 7. Qxd4 Bc5 8. Qd3 0-0 9. Bg5 h6 10. Bh4 Bd7 11. Rad1 Ne5 12. Nxe5 Bxb5 13. Qxb5 g5 14. Bg3 Qe7 15. Nd3 Bb6 16. Rfe1 Rfe8 17. e5 dxe5 18. Rxe5 Qf8 19. Rde1 c6 20. Rxe8 Rxe8 21. Rxe8 Qxe8 22. Qe5 Qd8 23. Qd6 Qxd6 24. Bxd6 Ne8 25. Bc5 Bxc5 26. Nxc5 b6 27. N5e4 f5 28. Ng3 Nd6 29. b3 Kf7 30. f3 a6 31. Na4 b5 32. Nc5 a5 33. Kf2 Kf6 34. Nd3 f4 35. Ne4+ Nxe4+ 36. fxe4 h5 37. g3 fxg3+ 38. Kxg3 b4 39. h4 g4 40. Kf4 1-0

[Event "Bogota Centro Comercial op 2nd"]
[Site "Bogota"]
[Date "2024.04.14"]
[Round "3"]
[White "Silva, Jorge"]
[Black "Rodriguez Patino, Santiago"]
[Result "1-0"]
[WhiteElo "1974"]
[BlackElo "1801"]
[PlyCount "87"]
[EventDate "2024.04.14"]
[EventType "swiss"]
[EventRounds "7"]
[EventCountry "COL"]
[SourceTitle "CBM 219 Extra"]
[Source "ChessBase"]
[SourceDate "2024.05.31"]
[SourceVersion "1"]
[SourceVersionDate "2024.05.31"]
[SourceQuality "1"]

1. e4 c5 2. Nf3 Nc6 3. d4 cxd4 4. Nxd4 e5 5. Nb5 d6 6. N1c3 a6 7. Na3 Be6 8. Nc4 Nf6 9. Bg5 Bxc4 10. Bxc4 Be7 11. Bxf6 Bxf6 12. 0-0 0-0 13. Nd5 b5 14. Bd3 Bg5 15. Qg4 Bd2 16. Rad1 Qg5 17. Qd7 Nb4 18. f4 exf4 19. Rxd2 Nxd3 20. cxd3 f3 21. Rdf2 fxg2 22. Rxg2 Qe5 23. Qg4 g6 24. Nf6+ Kg7 25. Kh1 Qe7 26. Qh4 Rh8 27. Rgf2 Qe6 28. Nh5+ gxh5 29. Qg5+ Kf8 30. Rf6 Qd7 31. Qh6+ Ke8 32. Rxd6 Qe7 33. Qf4 Rf8 34. Rc6 Kd7 35. Rc7+ Ke8 36. Rxe7+ Kxe7 37. Qc7+ Ke8 38. Qc6+ Ke7 39. Qb7+ Ke6 40. Qd5+ Ke7 41. Rf5 f6 42. e5 fxe5 43. Rxe5+ Kf6 44. Qe6+ 1-0

[Event "COL-ch Amateur U2300"]
[Site "Paipa"]
[Date "2020.02.28"]
[Round "4"]
[White "Silva, Jorge"]
[Black "Dominguez Rincon, Miller Duvan"]
[Result "1-0"]
[WhiteElo "1987"]
[BlackElo "2106"]
[PlyCount "61"]
[EventDate "2020.02.26"]
[EventType "swiss"]
[EventRounds "7"]
[EventCountry "COL"]
[SourceTitle "EXT 2021"]
[Source "ChessBase"]
[SourceDate "2020.10.23"]
[SourceVersion "1"]
[SourceVersionDate "2020.10.23"]
[SourceQuality "1"]

1. e4 e5 2. Nf3 Nc6 3. Bb5 a6 4. Ba4 Nf6 5. 0-0 Be7 6. Re1 b5 7. Bb3 d6 8. c3 0-0 9. h3 Re8 10. Ng5 Rf8 11. d4 h6 12. dxe5 hxg5 13. exf6 Bxf6 14. a4 Rb8 15. axb5 axb5 16. Qh5 Ne5 17. Qe2 b4 18. Bc2 Be6 19. cxb4 Rxb4 20. Nc3 c6 21. Rd1 Qb8 22. Bb1 Nc4 23. Qd3 g6 24. Na4 Rd8 25. Qc2 Nxb2 26. Bxb2 Bxb2 27. Nxb2 Rxb2 28. Qxc6 Rxf2 29. Kxf2 Qb2+ 30. Bc2 Rc8 31. Ra8 1-0

[Event "COL-ch Amateur U2300"]
[Site "Paipa"]
[Date "2020.02.26"]
[Round "1"]
[White "Valle, Efrain"]
[Black "Silva, Jorge"]
[Result "0-1"]
[WhiteElo "2072"]
[BlackElo "1987"]
[PlyCount "82"]
[EventDate "2020.02.26"]
[EventType "swiss"]
[EventRounds "7"]
[EventCountry "COL"]
[SourceTitle "EXT 2021"]
[Source "ChessBase"]
[SourceDate "2020.10.23"]
[SourceVersion "1"]
[SourceVersionDate "2020.10.23"]
[SourceQuality "1"]

1. Nf3 Nf6 2. c4 e6 3. Nc3 d5 4. cxd5 exd5 5. d4 c6 6. g3 Be7 7. Bg2 0-0 8. 0-0 Bf5 9. h3 Ne4 10. g4 Nxc3 11. bxc3 Be4 12. Qb3 Qb6 13. Ne5 Bxg2 14. Kxg2 f6 15. Nd3 Bd6 16. Bf4 Bxf4 17. Nxf4 Nd7 18. Qa3 Rf7 19. Qd6 Nf8 20. Rfb1 Qa5 21. Rb3 Rd8 22. Qa3 Qc7 23. Qc1 Re8 24. Rab1 b6 25. e3 g5 26. Nh5 f5 27. gxf5 Rxf5 28. Ng3 Rf6 29. e4 dxe4 30. Qxg5+ Rg6 31. Qe3 Ne6 32. Kf1 Nf4 33. c4 Qf7 34. Rc1 Nxh3 35. Ke1 Nf4 36. Kd2 Nd3 37. Rf1 Rg4 38. Nxe4 Rexe4 39. Qh3 Nxf2 40. Qh6 Rxd4+ 41. Kc2 Qxc4+ 0-1

[Event "Erandio op 28th"]
[Site "Erandio"]
[Date "2019.12.15"]
[Round "2"]
[White "Silva, Jorge"]
[Black "Hirgma, Elmaati"]
[Result "1-0"]
[WhiteElo "1963"]
[BlackElo "1401"]
[PlyCount "70"]
[EventDate "2019.12.14"]
[EventType "swiss"]
[EventRounds "8"]
[EventCountry "ESP"]
[SourceTitle "CBM 194 Extra"]
[Source "ChessBase"]
[SourceDate "2020.03.31"]
[SourceVersion "1"]
[SourceVersionDate "2020.03.31"]
[SourceQuality "1"]

1. e4 d5 2. exd5 Qxd5 3. Nc3 Qd6 4. d4 Nf6 5. Nf3 c6 6. Be2 Bf5 7. 0-0 h6 8. Ne5 Nbd7 9. Nc4 Qc7 10. g3 Nb6 11. Bf4 Qd8 12. Ne5 Bh3 13. Re1 e6 14. Bh5 g6 15. Bf3 h5 16. Bg5 Be7 17. Qd2 Nfd5 18. Ne4 Bf5 19. Bxe7 Qxe7 20. Ng5 Rf8 21. c4 Qb4 22. Qe2 Ne7 23. Nh7 Rh8 24. Nf6+ Kf8 25. Ned7+ Nxd7 26. Nxd7+ Ke8 27. Nf6+ Kf8 28. Qe5 Qxc4 29. Nd7+ Kg8 30. Nf6+ Kf8 31. Qd6 a5 32. Nd7+ Ke8 33. Nb6 Qa6 34. Nxa8 Qxa8 35. d5 cxd5 1-0

[Event "COL-chC"]
[Site "Bogota"]
[Date "2019.08.29"]
[Round "2"]
[White "Rodriguez Munoz, Cesar Esteban"]
[Black "Silva, Jorge"]
[Result "1-0"]
[WhiteElo "1902"]
[BlackElo "1988"]
[PlyCount "113"]
[EventDate "2019.08.28"]
[EventType "swiss"]
[EventRounds "7"]
[EventCountry "COL"]
[SourceTitle "EXT 2020"]
[Source "ChessBase"]
[SourceDate "2019.10.17"]
[SourceVersion "1"]
[SourceVersionDate "2019.10.17"]
[SourceQuality "1"]

1. d4 Nf6 2. Nf3 d5 3. c4 e6 4. Nc3 Be7 5. Bf4 0-0 6. e3 c6 7. Be2 Nh5 8. Bg3 Nd7 9. Rc1 g6 10. 0-0 f5 11. Bf4 Nxf4 12. exf4 Bf6 13. Re1 Re8 14. Bf1 Bg7 15. b3 Nf6 16. Ne5 Bd7 17. Rc2 Re7 18. f3 Be8 19. g3 Qa5 20. Na4 dxc4 21. Nxc4 Qc7 22. Nc5 Bf7 23. Ne5 Rae8 24. b4 Qb6 25. a3 Nd5 26. Rd2 Rd8 27. Qb3 a6 28. Red1 h6 29. h4 Bf6 30. Qd3 Kg7 31. Na4 Qc7 32. Nc3 g5 33. fxg5 hxg5 34. hxg5 Bxg5 35. f4 Bf6 36. Rh2 a5 37. Nxd5 Rxd5 38. Qf3 axb4 39. Bc4 Rd8 40. Nxf7 Rxf7 41. Bxe6 Rxd4 42. Bxf7 Qxf7 43. axb4 Qd7 44. Rb1 Rd3 45. Qh5 Rxg3+ 46. Kf2 Qd3 47. Qh8+ Kf7 48. Rh7+ Bg7 49. Rxg7+ Rxg7 50. Qh5+ Kf8 51. Qh8+ Kf7 52. Qh5+ Rg6 53. Qh7+ Kf6 54. Qh8+ Ke6 55. Qe8+ Kd5 56. Qe5+ Kc4 57. Qc5# 1-0

[Event "COL-chC"]
[Site "Bogota"]
[Date "2019.08.28"]
[Round "1"]
[White "Silva, Jorge"]
[Black "Camargo, Maicol Indurain1"]
[Result "0-1"]
[WhiteElo "1988"]
[BlackElo "1881"]
[PlyCount "116"]
[EventDate "2019.08.28"]
[EventType "swiss"]
[EventRounds "7"]
[EventCountry "COL"]
[SourceTitle "EXT 2020"]
[Source "ChessBase"]
[SourceDate "2019.10.17"]
[SourceVersion "1"]
[SourceVersionDate "2019.10.17"]
[SourceQuality "1"]

1. e4 d6 2. d4 Nf6 3. Nc3 Nbd7 4. Bc4 e5 5. f4 Nb6 6. Bb3 Be6 7. Bxe6 fxe6 8. Nf3 exf4 9. Bxf4 Qd7 10. Qe2 0-0-0 11. 0-0-0 h6 12. Rhf1 g6 13. Kb1 Bg7 14. Be3 Qe8 15. Qd3 Ng4 16. Bg1 g5 17. h3 Nf6 18. d5 Nfd7 19. dxe6 Qxe6 20. Nd4 Qc4 21. Qxc4 Nxc4 22. Ne6 Bxc3 23. Nxd8 Nd2+ 24. Rxd2 Bxd2 25. Nf7 Rh7 26. Bd4 Bf4 27. Nh8 Be5 28. Bxe5 Nxe5 29. Rf8+ Kd7 30. Rg8 Ke7 31. b3 Kf6 32. Kc1 Rg7 33. Rc8 h5 34. Kd2 h4 35. Rf8+ Ke7 36. Rc8 Kd7 37. Rf8 g4 38. hxg4 Rxg4 39. Rf2 Ke7 40. Rf5 Rxg2+ 41. Kc3 Rg8 42. Rh5 Kf6 43. Rh7 c5 44. Kd2 h3 45. Ke3 h2 46. Kf2 Rg7 47. Rh5 b5 48. a4 a6 49. axb5 axb5 50. c3 Nd3+ 51. Kf3 Ne5+ 52. Kf2 b4 53. cxb4 cxb4 54. Rh3 Ke7 55. Rh4 Kf8 56. Ke3 Rg3+ 57. Kf4 Rg4+ 58. Rxg4 Nxg4 0-1

[Event "COL-ch U2000"]
[Site "Moniquira"]
[Date "2019.07.21"]
[Round "4"]
[White "Hernandez Fonseca, Maria Paula"]
[Black "Silva, Jorge"]
[Result "0-1"]
[WhiteElo "1992"]
[BlackElo "1985"]
[PlyCount "48"]
[EventDate "2018.07.19"]
[EventType "swiss"]
[EventRounds "7"]
[EventCountry "COL"]
[SourceTitle "EXT 2021"]
[Source "ChessBase"]
[SourceDate "2020.10.23"]
[SourceVersion "1"]
[SourceVersionDate "2020.10.23"]
[SourceQuality "1"]

1. e4 e5 2. Nf3 Nc6 3. d4 exd4 4. Nxd4 Bc5 5. Nb3 Bb6 6. Nc3 d6 7. Qe2 Nge7 8. Be3 0-0 9. 0-0-0 f5 10. f4 fxe4 11. g3 Bxe3+ 12. Qxe3 Bg4 13. Bc4+ Kh8 14. Nxe4 Nf5 15. Qd3 Bxd1 16. Rxd1 Qe7 17. g4 Nb4 18. Qe2 Rae8 19. Re1 Nh6 20. Qd2 d5 21. Bxd5 Nxd5 22. Qxd5 Rxf4 23. Nbd2 Nxg4 24. Rg1 Rxe4 0-1

[Event "COL-ch U2300"]
[Site "Pereira"]
[Date "2019.03.22"]
[Round "2"]
[White "Ordonez Gonzalez, Gabriel"]
[Black "Silva, Jorge"]
[Result "0-1"]
[WhiteElo "1934"]
[BlackElo "2004"]
[PlyCount "58"]
[EventDate "2019.03.21"]
[EventType "swiss"]
[EventRounds "9"]
[EventCountry "COL"]
[SourceTitle "CBM 189 Extra"]
[Source "ChessBase"]
[SourceDate "2019.05.31"]
[SourceVersion "1"]
[SourceVersionDate "2019.05.31"]
[SourceQuality "1"]

1. c4 c6 2. d4 d5 3. Nc3 Nf6 4. Nf3 a6 5. a4 g6 6. Bf4 Bg7 7. e3 0-0 8. a5 Nbd7 9. c5 Re8 10. Ne5 Nh5 11. Nxd7 Bxd7 12. Be2 Nxf4 13. exf4 Qc7 14. Qd2 Bh6 15. g3 Bh3 16. Qd3 Qd7 17. Qf3 f5 18. Bf1 Bg4 19. Qe3 e5 20. dxe5 Rxe5 21. Qxe5 Re8 22. Bg2 Rxe5+ 23. fxe5 d4 24. Na4 f4 25. f3 Bf5 26. 0-0 fxg3 27. hxg3 Be3+ 28. Kh2 Qg7 29. g4 Qxe5+ 0-1

[Event "COL-ch"]
[Site "Bogota"]
[Date "2018.11.08"]
[Round "4"]
[White "Rubiano Espitia, Henry"]
[Black "Silva, Jorge"]
[Result "1/2-1/2"]
[WhiteElo "1600"]
[BlackElo "2021"]
[PlyCount "126"]
[EventDate "2018.11.06"]
[EventType "swiss"]
[EventRounds "9"]
[EventCountry "COL"]
[SourceTitle "CBM 187 Extra"]
[Source "ChessBase"]
[SourceDate "2018.11.04"]
[SourceVersion "1"]
[SourceVersionDate "2018.11.04"]
[SourceQuality "1"]

1. e4 e5 2. Nf3 Nc6 3. Bc4 Bc5 4. c3 Nf6 5. d3 d6 6. Bb3 0-0 7. Nbd2 Ne7 8. Nf1 a6 9. Ng3 Ng6 10. 0-0 Be6 11. Be3 Ba7 12. Bxe6 fxe6 13. Qb3 Qd7 14. Bxa7 Rxa7 15. d4 exd4 16. cxd4 c6 17. e5 dxe5 18. dxe5 Nd5 19. Rfe1 Raa8 20. Rad1 Qe7 21. Ne4 Rad8 22. Nd6 Nxe5 23. Rxe5 Rxd6 24. Rde1 Qf6 25. Qxb7 Nf4 26. Qb4 Nxg2 27. Qxd6 Qxf3 28. Qxe6+ Kh8 29. Rf5 Nxe1 30. Rxf3 Nxf3+ 31. Kg2 Nh4+ 32. Kf1 h6 33. Qxc6 Rf6 34. Qe8+ Kh7 35. Qe4+ Nf5 36. b4 Kg8 37. a4 g5 38. b5 axb5 39. axb5 Nd6 40. Qd5+ Kg7 41. b6 Kg6 42. b7 Nxb7 43. Qxb7 Rf4 44. f3 g4 45. Qc6+ Kg5 46. Qd5+ Kh4 47. Kg2 Rxf3 48. Qd8+ Kh5 49. Qe8+ Kg5 50. Qe5+ Kg6 51. Qe6+ Kg5 52. h4+ Kh5 53. Kh2 Rh3+ 54. Kg2 Rf3 55. Kh2 Rh3+ 56. Kg1 Rg3+ 57. Kf2 Rf3+ 58. Ke2 Kxh4 59. Qxh6+ Kg3 60. Qh1 Rf2+ 61. Ke3 Rf3+ 62. Ke2 Rf2+ 63. Ke3 Rf3+ 1/2-1/2

[Event "COL-ch"]
[Site "Bogota"]
[Date "2018.11.07"]
[Round "3"]
[White "Silva, Jorge"]
[Black "Riascos, Guillermo"]
[Result "1-0"]
[WhiteElo "2021"]
[BlackElo "1830"]
[PlyCount "85"]
[EventDate "2018.11.06"]
[EventType "swiss"]
[EventRounds "9"]
[EventCountry "COL"]
[SourceTitle "CBM 187 Extra"]
[Source "ChessBase"]
[SourceDate "2018.11.04"]
[SourceVersion "1"]
[SourceVersionDate "2018.11.04"]
[SourceQuality "1"]

1. e4 g6 2. d4 Bg7 3. Nc3 d6 4. f4 Nc6 5. Be3 Nh6 6. h3 e6 7. Nf3 a6 8. Qd2 f5 9. e5 Nf7 10. 0-0-0 d5 11. g4 Ne7 12. Bd3 Nh6 13. Rdg1 Bd7 14. Bf2 c6 15. Bh4 Qa5 16. Kb1 b5 17. Bxe7 b4 18. Bc5 bxc3 19. Qxc3 Qxc3 20. bxc3 Bf8 21. gxf5 Nxf5 22. Bxf5 exf5 23. Bxf8 Kxf8 24. h4 Ke7 25. h5 Rhb8+ 26. Kc1 Be8 27. Nh4 Rb6 28. hxg6 hxg6 29. Nxg6+ Kd8 30. Rh7 Rab8 31. Kd2 Rb1 32. Rxb1 Rxb1 33. Nf8 Rf1 34. Ne6+ Kc8 35. Rh8 Kd7 36. Nc5+ Ke7 37. Rh7+ Kf8 38. e6 Kg8 39. Rc7 Rxf4 40. Nd7 Rf2+ 41. Ke1 Rxc2 42. Nf6+ Kf8 43. Rh7 1-0

[Event "COL-ch"]
[Site "Bogota"]
[Date "2018.11.06"]
[Round "1"]
[White "Silva, Jorge"]
[Black "Rengifo Astudillo, Carlos Alberto"]
[Result "1-0"]
[WhiteElo "2021"]
[BlackElo "1579"]
[PlyCount "49"]
[EventDate "2018.11.06"]
[EventType "swiss"]
[EventRounds "9"]
[EventCountry "COL"]
[SourceTitle "CBM 187 Extra"]
[Source "ChessBase"]
[SourceDate "2018.11.04"]
[SourceVersion "1"]
[SourceVersionDate "2018.11.04"]
[SourceQuality "1"]

1. e4 c5 2. Nf3 e6 3. d4 cxd4 4. Nxd4 Qb6 5. Nb3 Nf6 6. Nc3 Bb4 7. Bd3 Nc6 8. 0-0 0-0 9. Be3 Qc7 10. f4 Bxc3 11. bxc3 d5 12. e5 Ne4 13. Bxe4 dxe4 14. Nc5 Ne7 15. Nxe4 Nd5 16. Bd4 Ne7 17. Qh5 Nf5 18. Rad1 Qc6 19. Rfe1 Kh8 20. Ng5 Nh6 21. Rd3 b6 22. Rg3 Bb7 23. f5 exf5 24. e6 f4 25. Qxh6 1-0

[Event "World Amateur-ch U2000"]
[Site "Cagliari"]
[Date "2018.04.23"]
[Round "3"]
[White "Bowman, Richard L"]
[Black "Silva, Jorge"]
[Result "0-1"]
[WhiteElo "1802"]
[BlackElo "1997"]
[PlyCount "50"]
[EventDate "2018.04.22"]
[EventType "swiss"]
[EventRounds "9"]
[EventCountry "ITA"]
[SourceTitle "CBM 184 Extra"]
[Source "ChessBase"]
[SourceDate "2018.06.28"]
[SourceVersion "1"]
[SourceVersionDate "2018.06.28"]
[SourceQuality "1"]

1. b3 Nf6 2. Bb2 g6 3. Nf3 Bg7 4. e3 0-0 5. c4 c5 6. Be2 Nc6 7. 0-0 d5 8. cxd5 Nxd5 9. Bxg7 Kxg7 10. Nc3 e5 11. Nxd5 Qxd5 12. Bc4 Qd6 13. Qc2 Bg4 14. Ng5 Rad8 15. h3 Bf5 16. e4 Bc8 17. Nf3 f5 18. d3 fxe4 19. dxe4 Rxf3 20. gxf3 Nd4 21. Qb2 Bxh3 22. Rfd1 Nxf3+ 23. Kh1 Qxd1+ 24. Bf1 Bxf1 25. Rxd1 Rxd1 0-1

[Event "World Amateur-ch U2000"]
[Site "Cagliari"]
[Date "2018.04.23"]
[Round "2"]
[White "Silva, Jorge"]
[Black "Cap, Piotr"]
[Result "0-1"]
[WhiteElo "1997"]
[BlackElo "1896"]
[PlyCount "92"]
[EventDate "2018.04.22"]
[EventType "swiss"]
[EventRounds "9"]
[EventCountry "ITA"]
[SourceTitle "CBM 184 Extra"]
[Source "ChessBase"]
[SourceDate "2018.06.28"]
[SourceVersion "1"]
[SourceVersionDate "2018.06.28"]
[SourceQuality "1"]

1. e4 d6 2. d4 c6 3. f4 g6 4. Nf3 Bg7 5. Bd3 Nf6 6. 0-0 0-0 7. Kh1 Bg4 8. h3 Bxf3 9. Qxf3 Qb6 10. c3 c5 11. d5 Nbd7 12. Nd2 Qc7 13. a4 Rab8 14. Nc4 Ne8 15. Bd2 Nb6 16. Na3 Qd8 17. a5 Nd7 18. Nc4 Nc7 19. Ra3 Nf6 20. Be1 e6 21. dxe6 Nxe6 22. Bh4 Qd7 23. f5 Nc7 24. Qf4 Nb5 25. Rb3 Nh5 26. Qf3 Bf6 27. Bxf6 Nxf6 28. e5 Nh5 29. f6 d5 30. Nb6 axb6 31. Bxb5 Qf5 32. Qxf5 Ng3+ 33. Kg1 Nxf5 34. axb6 d4 35. Rd1 Rfd8 36. g4 Ne3 37. Re1 c4 38. cxd4 cxb3 39. Rxe3 Rxd4 40. e6 fxe6 41. Rxe6 Kf7 42. Re7+ Kxf6 43. Rxh7 Rd2 44. Bc4 Rxb2 45. Rf7+ Kg5 46. Rf3 Ra8 0-1

[Event "COL-ch Amateur U2300"]
[Site "Bogota"]
[Date "2018.02.16"]
[Round "2"]
[White "Lozano Ramirez, Nestor Favian"]
[Black "Silva, Jorge"]
[Result "1-0"]
[WhiteElo "2198"]
[BlackElo "1994"]
[PlyCount "95"]
[EventDate "2018.02.15"]
[EventType "swiss"]
[EventRounds "7"]
[EventCountry "COL"]
[SourceTitle "EXT 2024"]
[Source "ChessBase"]
[SourceDate "2023.10.10"]
[SourceVersion "1"]
[SourceVersionDate "2023.10.10"]
[SourceQuality "1"]

1. c4 Nf6 2. g3 g6 3. Bg2 d5 4. cxd5 Nxd5 5. Nc3 Nxc3 6. bxc3 Bg7 7. Nf3 0-0 8. Rb1 c5 9. 0-0 Nc6 10. Qa4 Qa5 11. Qxa5 Nxa5 12. Ng5 Rb8 13. Ne4 Bf5 14. Rb5 Bxe4 15. Rxa5 Bxg2 16. Kxg2 b5 17. Rxa7 e6 18. Bb2 Rfd8 19. d3 b4 20. Rc1 Ra8 21. Rxa8 Rxa8 22. a3 Ra4 23. Ra1 bxc3 24. Bc1 Kf8 25. Ra2 Ke8 26. Kf1 Kd7 27. Ke1 h5 28. Kd1 h4 29. Kc2 hxg3 30. hxg3 Kc6 31. Kb3 Ra8 32. Kc4 Rb8 33. Ra1 Rb7 34. e3 f5 35. d4 g5 36. dxc5 Rb5 37. Kd3 Rxc5 38. a4 e5 39. Ra2 e4+ 40. Kc2 Kb6 41. Ba3 Rd5 42. Kb3 Rd3 43. Rc2 Rd1 44. Kc4 Rb1 45. Bc5+ Ka5 46. Bd4 Bxd4 47. exd4 Rb2 48. Kxc3 1-0

[Event "Pan American-ch Seniors 50"]
[Site "Neiva"]
[Date "2017.10.16"]
[Round "9"]
[White "Silva, Jorge"]
[Black "Madeira, Wagner Martins"]
[Result "0-1"]
[WhiteElo "1997"]
[BlackElo "2167"]
[PlyCount "74"]
[EventDate "2017.10.11"]
[EventType "swiss"]
[EventRounds "9"]
[EventCountry "COL"]
[SourceTitle "CBM 181 Extra"]
[Source "ChessBase"]
[SourceDate "2017.12.12"]
[SourceVersion "1"]
[SourceVersionDate "2017.12.12"]
[SourceQuality "1"]

1. e4 d6 2. d4 Nf6 3. Nc3 g6 4. Nf3 Bg7 5. Be2 0-0 6. 0-0 Bg4 7. h3 Bxf3 8. Bxf3 Nc6 9. Bg5 Nd7 10. Ne2 Qe8 11. c3 e5 12. Qd2 f5 13. d5 Nd8 14. Bh6 Bxh6 15. Qxh6 Nf7 16. Qe3 f4 17. Qd2 Ng5 18. Kh2 Nf6 19. Qd3 h5 20. Ng1 Ngh7 21. g3 g5 22. g4 Kg7 23. Qe2 Rh8 24. Rfe1 Nf8 25. gxh5 Nxh5 26. Bxh5 Rxh5 27. Qg4 Nh7 28. f3 Nf6 29. Qg2 Qd7 30. Qf1 g4 31. fxg4 Nxg4+ 32. Kh1 Rah8 33. Qg2 Rxh3+ 34. Nxh3 Rxh3+ 35. Qxh3 Nf2+ 36. Kg2 Nxh3 37. Kh2 Ng5 0-1

[Event "American Continental 13th"]
[Site "Medellin"]
[Date "2017.06.13"]
[Round "6"]
[White "Sanchez Alvarez, Kelvin Antonio"]
[Black "Silva, Jorge"]
[Result "1-0"]
[WhiteElo "2257"]
[BlackElo "1977"]
[PlyCount "63"]
[EventDate "2017.06.10"]
[EventType "swiss"]
[EventRounds "11"]
[EventCountry "COL"]
[SourceTitle "CBM 178 Extra"]
[Source "ChessBase"]
[SourceDate "2017.06.22"]
[SourceVersion "1"]
[SourceVersionDate "2017.06.22"]
[SourceQuality "1"]

1. e4 e5 2. Nf3 Nc6 3. d4 exd4 4. Nxd4 Bc5 5. Nb3 Bb6 6. Nc3 d6 7. Qe2 h6 8. Be3 Nf6 9. 0-0-0 0-0 10. f3 Bxe3+ 11. Qxe3 Be6 12. g4 Nh7 13. h4 a6 14. Bd3 Ne5 15. g5 h5 16. Nd4 g6 17. Be2 Bc4 18. f4 Bxe2 19. Qxe2 Nc6 20. e5 Re8 21. Qe4 Qd7 22. e6 fxe6 23. Nxc6 bxc6 24. Qxg6+ Qg7 25. Qxh5 Reb8 26. Qf3 Rb4 27. a3 Rc4 28. h5 Rf8 29. g6 Nf6 30. h6 Qe7 31. g7 Rf7 32. h7+ 1-0

[Event "American Continental 13th"]
[Site "Medellin"]
[Date "2017.06.11"]
[Round "3"]
[White "Silva, Jorge"]
[Black "Lora, Joel Fernando"]
[Result "0-1"]
[WhiteElo "1977"]
[BlackElo "2193"]
[PlyCount "120"]
[EventDate "2017.06.10"]
[EventType "swiss"]
[EventRounds "11"]
[EventCountry "COL"]
[SourceTitle "CBM 178 Extra"]
[Source "ChessBase"]
[SourceDate "2017.06.22"]
[SourceVersion "1"]
[SourceVersionDate "2017.06.22"]
[SourceQuality "1"]

1. e4 e5 2. Nf3 Nc6 3. Bb5 Nf6 4. 0-0 Nxe4 5. d4 Nd6 6. Bxc6 dxc6 7. dxe5 Nf5 8. Qxd8+ Kxd8 9. Nc3 h6 10. h3 Bd7 11. b3 Be7 12. Bb2 Re8 13. Ne4 b6 14. Rad1 Kc8 15. g4 Nh4 16. Nxh4 Bxh4 17. f4 a5 18. a4 f5 19. exf6 Rxe4 20. f7 Be7 21. Bxg7 Bc5+ 22. Kg2 h5 23. Kg3 Re3+ 24. Rf3 h4+ 25. Kg2 Re2+ 26. Kf1 Rxc2 27. f5 b5 28. Rfd3 Bxf5 29. Rd8+ Kb7 30. Rxa8 Kxa8 31. Bd4 Be6 32. Bxc5 Bxf7 33. Bf2 Bxb3 34. Rd8+ Kb7 35. Bxh4 Rh2 36. Bg3 Rxh3 37. Kg2 Rh7 38. g5 Rg7 39. Bf4 b4 40. Kg3 Be6 41. Re8 Bd5 42. Kg4 b3 43. Be5 Rg8 44. Re7 Kb6 45. Bxc7+ Kc5 46. Be5 Rf8 47. g6 Rf2 48. g7 Rg2+ 49. Bg3 Kc4 50. Kh3 b2 51. Rb7 Rxg3+ 52. Kxg3 Kc3 53. Rb6 c5 54. Rb5 c4 55. Rxd5 b1Q 56. Rg5 Qb8+ 57. Kg4 Qg8 58. Kf5 Kd4 59. Kf6 c3 60. Kg6 c2 0-1